000 00317nam a2200145Ia 4500
100 _aCotton /H
650 _aElectrical Engineering
942 _cBK
654 _aelectricity
245 _aApplied Electricity
260 _bB.I Publications
_aBombay
_c2001
082 _a621.3
300 _a632
546 _aENGLISH
999 _c20498
_d20498